Statistics for Country and Capital Names Created by 7 Letters

Click here to take the quiz!

General Stats

  • This quiz has been taken 65 times
  • The average score is 23 of 44

Answer Stats

Answer% Correct
Djibouti
89%
Djibouti
89%
Qatar
85%
Kazakhstan
83%
Brasilia
80%
Brazil
80%
Doha
78%
Fiji
76%
Algeria
74%
Algiers
74%
Jordan
72%
Astana
67%
Suva
67%
Canada
63%
Amman
61%
Bahrain
61%
Ottawa
61%
Iran
57%
Tehran
57%
Vatican City
57%
Vatican City
57%
Cuba
52%
Havana
52%
Riga
52%
Latvia
50%
Taipei
50%
Taiwan
50%
Comoros
48%
Mali
48%
Bamako
41%
Manama
41%
Moroni
37%
Bahamas
30%
Morocco
30%
Rabat
30%
Albania
28%
Nassau
28%
San Marino
28%
San Marino
28%
Tirana
28%
Angola
26%
Luanda
24%
Eritrea
11%
Asmara
9%

Score Distribution

Percentile by Number Answered

Percent of People with Each Score

Your Score History

You have not taken this quiz